000 00509nam a2200169 i 4500
001 bg
100 1 _aMALMSTADT, Howard V.
245 0 _aControl of Electrical Quantities in Instrumentation /
_cHoward V. Malmstadt, Christie G. Enke, Stanley R. Grouch.
260 _aMenlo Park, California :
_bW.A.Benjamin Inc.,
_c1973.
700 1 _aENKE, Christie G.
700 1 _aGROUCH, Stanley R.
040 _cBPK
041 _apol
080 _a621.382
942 _cKS
008 s pl f |000 0 pol
999 _c19531
_d19531
856 _uhttp://koha.tu.koszalin.pl/cgi-bin/koha/opac-detail.pl?biblionumber=19531
_yKatalog online BPK